| 000 | 01285cam a2200349 i 4500 | ||
|---|---|---|---|
| 003 | EG-ScBUE | ||
| 005 | 20230411092732.0 | ||
| 008 | 170508s2012 ko a f 000 0 eng d | ||
| 020 | _a9788973755646 | ||
| 020 | _a9788973751631 (set) | ||
| 040 |
_aEG-ScBUE _beng _erda _cEG-ScBUE _dEG-ScBUE |
||
| 041 | 1 |
_aeng _hkor |
|
| 043 | _aa-ko--- | ||
| 082 | 0 | 4 |
_a791.43095195 _bKYU _222 |
| 100 | 1 |
_aKyung-Tae, Kim _c(Film critic) _eauthor. |
|
| 245 | 1 | 0 |
_aK-movie : _bthe world's spotlight on Korean film / _c[writer, Kim Kyung-Tae ; translator, Colin Mouat] |
| 264 | 1 |
_a[Sejong-si] : _bKorean Culture and Information Service, Ministry of Culture, Sports and Tourism, _c2012. |
|
| 300 |
_a109 pages : _bcolor illustrations ; _c20 cm. |
||
| 336 |
_2rdacontent _atext _btxt |
||
| 337 |
_2rdamedia _aunmediated _bn |
||
| 338 |
_2rdacarrier _avolume _bnc |
||
| 490 | 0 |
_aKorean culture ; _vno. 5 |
|
| 500 | _a"Award-winning Korean films at overseas festivals": p. 106-109. | ||
| 546 | _aText in English ; translated from original Korean. | ||
| 650 | 7 |
_aMotion pictures _zKorea (South) _xHistory. _2BUEsh |
|
| 651 | _2BUEsh | ||
| 653 |
_bGGEN _cMay2017 |
||
| 655 | _vReading book | ||
| 700 | 1 |
_aMouat, Colin, _etranslator. |
|
| 942 |
_2ddc _cBB |
||
| 999 |
_c24795 _d24767 |
||